| 000 | 00447nam a2200133 4500 | ||
|---|---|---|---|
| 008 | 050809s1994 us eng | ||
| 100 | 0 | _aPAN, John C.E. | |
| 245 | 1 | 0 |
_aHuman Life and Religious Belief/ _cJohn C.E. PAN . |
| 260 |
_aManila, Philippines: _b Chinese Gospel Center, _c1994. |
||
| 300 | _a24p., pamthlet | ||
| 440 | 0 | _aSearching For the Meaning of Life Series - 7 | |
| 650 | 4 | _aChristianity | |
| 951 |
_pC-6791 _j070613111511687 _d2000-12-21 |
||
| 999 |
_c24227 _d24227 |
||